000 00317nam a22001337a 4500
003 SGT
082 _a320
_bK09T
100 _aTHENDI, D.B
245 _aKARYAKARTA ADHISTHAN: VYAKTIMATVA VYAVHAAR
260 _bBHARTIYA VICHAR SADHNA PRAKASHAN
_c2009
300 _a195
650 _aPOLITICAL SCIENCE
942 _2ddc
_cBK
999 _c28156
_d28156